[Event "GER-ch U25 op-B"]
[Site "Oberhof"]
[Date "2013.05.23"]
[Round "7"]
[White "Eggert, Daniela"]
[Black "Granzin, David"]
[Result "0-1"]
[WhiteElo "1241"]
[BlackElo "1391"]
[PlyCount "70"]
[EventDate "2013.05.19"]
[EventType "swiss"]
[EventRounds "9"]
[EventCountry "GER"]
[SourceTitle "CBM 154 Extra"]
[Source "ChessBase"]
[SourceDate "2013.06.25"]
[SourceVersion "2"]
[SourceVersionDate "2013.06.25"]
[SourceQuality "1"]

1. e4 d5 2. exd5 Nf6 3. Nf3 Nxd5 4. d4 g6 5. c3 Bg7 6. g3 0-0 7. Bg2 Bg4 8. 0-0 Qd7 9. Qd3 Nc6 10. Be3 Bh3 11. Nbd2 Bxg2 12. Kxg2 f5 13. Qc4 Kh8 14. Nb3 b6 15. Qe2 f4 16. Bd2 e5 17. dxe5 Rae8 18. Rae1 Nxe5 19. Nxe5 Rxe5 20. Qf3 Rh5 21. g4 Rh4 22. h3 h5 23. gxh5 Rf5 24. Rh1 Rg5+ 25. Kh2 Rgxh5 26. Kg2 Qf5 27. Rc1 c5 28. c4 Nf6 29. Bc3 Rg5+ 30. Kf1 Rgh5 31. Kg2 Ne4 32. Bxg7+ Kxg7 33. Rcd1 Ng5 34. Qb7+ Kh6 35. Rd7 f3+ 0-1

[Event "GER-ch U25 op-B"]
[Site "Oberhof"]
[Date "2013.05.19"]
[Round "2"]
[White "Granzin, David"]
[Black "Eichstaedt, Ina"]
[Result "1-0"]
[WhiteElo "1391"]
[BlackElo "1224"]
[PlyCount "47"]
[EventDate "2013.05.19"]
[EventType "swiss"]
[EventRounds "9"]
[EventCountry "GER"]
[SourceTitle "CBM 154 Extra"]
[Source "ChessBase"]
[SourceDate "2013.06.25"]
[SourceVersion "2"]
[SourceVersionDate "2013.06.25"]
[SourceQuality "1"]

1. e4 e5 2. Nf3 Nc6 3. Bc4 h6 4. d4 d6 5. dxe5 Nxe5 6. Nxe5 dxe5 7. Bxf7+ Ke7 8. Qxd8+ Kxd8 9. Be3 Bd6 10. Nc3 Ke7 11. Bb3 Nf6 12. f3 Be6 13. Bxe6 Kxe6 14. 0-0-0 a6 15. Nd5 Nxd5 16. Rxd5 Rhd8 17. Rhd1 Kd7 18. Bc5 Ke6 19. Kb1 b6 20. Bf2 Rd7 21. f4 Rad8 22. Bh4 Be7 23. f5+ Kf7 24. Rxd7 1-0

[Event "GER-ch U25 op-B"]
[Site "Oberhof"]
[Date "2012.06.02"]
[Round "9"]
[White "Granzin, David"]
[Black "Dresig, Moritz"]
[Result "1/2-1/2"]
[WhiteElo "1289"]
[BlackElo "1572"]
[PlyCount "68"]
[EventDate "2012.05.27"]
[EventType "swiss"]
[EventRounds "9"]
[EventCountry "GER"]
[SourceTitle "CBM 148 Extra"]
[Source "ChessBase"]
[SourceDate "2012.06.22"]
[SourceVersion "1"]
[SourceVersionDate "2012.06.22"]
[SourceQuality "1"]

1. e4 d6 2. d4 Nf6 3. Nc3 g6 4. Bg5 Bg7 5. f4 0-0 6. Nf3 Nh5 7. Qd2 c5 8. h3 Ng3 9. Rg1 Nxf1 10. Rxf1 Nc6 11. dxc5 Na5 12. Qd3 f6 13. Bh4 Rb8 14. g4 b5 15. f5 g5 16. Bf2 Bd7 17. h4 b4 18. Ne2 Bb5 19. Qe3 Nc4 20. Qc1 h6 21. Rh1 a5 22. b3 Na3 23. Bg3 a4 24. c4 axb3 25. axb3 Ba6 26. Kf2 Qc7 27. Qg1 Kf7 28. Qh2 Rh8 29. Nd2 h5 30. gxh5 Rxh5 31. Nf3 Rbh8 32. Qg2 g4 33. Nd2 Bh6 34. Bf4 Qc8 1/2-1/2

[Event "GER-chB U25"]
[Site "Oberhof"]
[Date "2011.06.17"]
[Round "8"]
[White "Granzin, David"]
[Black "Jansen, Nina"]
[Result "1/2-1/2"]
[WhiteElo "975"]
[BlackElo "1478"]
[PlyCount "68"]
[EventDate "2011.06.11"]
[EventType "swiss"]
[EventRounds "9"]
[EventCountry "GER"]
[SourceTitle "CBM 142 Extra"]
[Source "ChessBase"]
[SourceDate "2011.06.27"]
[SourceVersion "1"]
[SourceVersionDate "2011.06.27"]
[SourceQuality "1"]

1. e4 e5 2. Nf3 Nc6 3. d4 exd4 4. Nxd4 Nxd4 5. Qxd4 d6 6. Bf4 c5 7. Qd1 Be6 8. Nc3 Nf6 9. Qd2 Be7 10. 0-0-0 0-0 11. Kb1 a6 12. h4 b5 13. h5 h6 14. f3 b4 15. Nd5 Re8 16. g4 Qa5 17. g5 hxg5 18. Bxg5 Bxd5 19. exd5 Nh7 20. Bxe7 Rxe7 21. Bd3 c4 22. Bxc4 Qc5 23. b3 a5 24. Bd3 Qe3 25. Qg2 Qh6 26. Rdf1 a4 27. f4 a3 28. Qd2 Qf6 29. Qc1 Rae8 30. Rfg1 Kh8 31. c3 Qxc3 32. Qxc3 bxc3 33. Rc1 Nf6 34. Bc4 Re3 1/2-1/2

[Event "GER-chB U25"]
[Site "Oberhof"]
[Date "2011.06.16"]
[Round "7"]
[White "Granzin, David"]
[Black "Riedel, Erich"]
[Result "0-1"]
[WhiteElo "975"]
[BlackElo "1137"]
[PlyCount "74"]
[EventDate "2011.06.11"]
[EventType "swiss"]
[EventRounds "9"]
[EventCountry "GER"]
[SourceTitle "CBM 142 Extra"]
[Source "ChessBase"]
[SourceDate "2011.06.27"]
[SourceVersion "1"]
[SourceVersionDate "2011.06.27"]
[SourceQuality "1"]

1. e4 e6 2. d4 d5 3. Nd2 Nf6 4. Bd3 c5 5. c3 Nc6 6. e5 Nd7 7. Ngf3 Qb6 8. Qa4 Be7 9. 0-0 0-0 10. a3 f6 11. exf6 Nxf6 12. b4 cxd4 13. b5 dxc3 14. bxc6 cxd2 15. Bxd2 bxc6 16. Rfc1 Bd7 17. Rab1 Qc7 18. Ba5 Qc8 19. Ba6 Qxa6 20. Ne5 Bd8 21. Nxd7 Nxd7 22. Rxc6 Qxa5 23. Qg4 Nf6 24. Qxe6+ Kh8 25. Ra6 Qd2 26. h3 Bb6 27. Rf1 Ne4 28. Rxb6 axb6 29. Qc6 Rac8 30. Qd7 Rc1 31. Rxc1 Qxc1+ 32. Kh2 Qf4+ 33. Kh1 Qxf2 34. Qe7 Ng3+ 35. Kh2 Nf1+ 36. Kh1 Ne3 37. a4 Qxg2# 0-1

[Event "GER-chB U25"]
[Site "Oberhof"]
[Date "2011.06.12"]
[Round "1"]
[White "Granzin, David"]
[Black "Puffay, Jana"]
[Result "0-1"]
[WhiteElo "975"]
[BlackElo "1394"]
[PlyCount "84"]
[EventDate "2011.06.11"]
[EventType "swiss"]
[EventRounds "9"]
[EventCountry "GER"]
[SourceTitle "CBM 142 Extra"]
[Source "ChessBase"]
[SourceDate "2011.06.27"]
[SourceVersion "1"]
[SourceVersionDate "2011.06.27"]
[SourceQuality "1"]

1. e4 c5 2. Nc3 Nc6 3. g3 g6 4. Bg2 Bg7 5. d3 Nf6 6. f4 d6 7. Nf3 0-0 8. 0-0 c4 9. h3 cxd3 10. cxd3 Qb6+ 11. Kh2 Nd4 12. Be3 Nxf3+ 13. Qxf3 Qxb2 14. Bd4 Ng4+ 15. hxg4 Bxd4 16. Ne2 Bg7 17. Qe3 Bxg4 18. Bf3 Bxf3 19. Qxf3 Rac8 20. a4 Rc2 21. Rfe1 Bc3 22. Rab1 Qa2 23. Kh3 Bxe1 24. Rxe1 Qxa4 25. g4 b5 26. Rh1 b4 27. Kg2 b3 28. Qh3 Rxe2+ 29. Kf3 Rf2+ 30. Kxf2 Qd4+ 31. Ke2 Qg7 32. Ke3 Rb8 33. f5 b2 34. Rb1 Rc8 35. Kd2 Qc3+ 36. Ke3 Qc1+ 37. Rxc1 bxc1Q+ 38. Kf3 Rc3 39. Kg2 Qd2+ 40. Kg1 Rc1+ 41. Qf1 Rxf1+ 42. Kxf1 a5 0-1